| 000 | 02194cam a22004577a 4500 | ||
|---|---|---|---|
| 001 | 16471455 | ||
| 003 | OSt | ||
| 005 | 20260428170545.0 | ||
| 008 | 100922s2009 enkag b 001 0 eng d | ||
| 010 | _a 2010282808 | ||
| 020 | _a9780714847825 | ||
| 020 | _a0714847828 | ||
| 035 | _a16471455 | ||
| 035 | _a(OCoLC)148703571 | ||
| 040 |
_aBTCTA _cFoundation University _dFoundation University |
||
| 042 | _alccopycat | ||
| 050 | 0 | 0 |
_aN 72.T4 _b.A78 2009 |
| 245 | 0 | 0 |
_aArt and electronic media / _cedited by Edward A. Shanken. |
| 260 |
_aLondon ; _aNew York : _bPhaidon Press, _c2009. |
||
| 264 | _42009 | ||
| 300 |
_a304 p. : _bill. (chiefly col.), music ; _c30 cm. _3books _fbooks |
||
| 336 |
_atext _btxt _2rdacontent _3books |
||
| 337 |
_aunmediated _bn _2rdamedia _3books |
||
| 338 |
_avolume _bnc _2rdacarrier _3books |
||
| 490 | 0 | _aThemes and movements | |
| 504 | _aIncludes bibliographical references (p. 292-295) and index. | ||
| 505 | 0 | _aSurvey / Edward A. Shanken -- pt. 1. Works. -- Motion, duration, illumination -- Coded form and electronic production -- Charged environments -- Networks, surveillance, culture jamming -- Bodies, surrogates, emergent systems -- Simulations and simulacra -- Exhibitions, institutions, communities, collaborations -- pt. 2. Documents. -- Motion, duration, illumination -- Coded form and electronic production -- Charged environments -- Networks, surveillance, culture jamming -- Bodies, surrogates, emergent systems -- Simulations and simulacra -- Exhibitions, institutions, communities, collaborations. | |
| 650 | 0 |
_aComputer art. _915285 |
|
| 650 | 0 |
_aArt and technology. _915758 |
|
| 650 | 0 |
_aDigital media. _915759 |
|
| 650 | 0 | 7 |
_aKunst _2swd _913086 |
| 650 | 0 | 7 |
_aElektronische Medien _2swd _915760 |
| 650 | 0 | 7 |
_aMedienkunst _2swd _915761 |
| 650 | 0 | 7 |
_aNetzkunst _2swd _915762 |
| 700 | 1 |
_aShanken, Edward A., _d1964- _915763 |
|
| 906 |
_a7 _bcbc _ccopycat _d2 _encip _f20 _gy-gencatlg |
||
| 936 | _aPR 255816588 | ||
| 942 |
_2lcc _cBK _hN 72.T4 _i.2009 A78 _k(DAFA-FA) |
||
| 999 |
_c5835 _d5835 |
||